00350 a2200145 4500003000400000005001700004008004100021020001800062040000900080082001900089100002100108245002800129260003900157300000800196OSt20231220142101.0231220b |||||||| |||| 00| 0 eng d a9788181437464 coclc a891.433bKAL/A aKaliya, Ravindra aABCD /cRavindra Kaliya aNew Delhi:bVani Prakashan,c2008. a97p